| 000 | 00595nam a22001937a 4500 | ||
|---|---|---|---|
| 999 |
_c183985 _d183985 |
||
| 005 | 20220110123135.0 | ||
| 010 | _aENG-131047-48 | ||
| 020 |
_a10-SE-000-939 _c1070.00 |
||
| 020 |
_a978-93-52-83-91-48 _c1205.00 |
||
| 035 | _aEN-114579-80 | ||
| 037 | _bDBAD | ||
| 082 | _a540 | ||
| 100 | _aMadan, R.D. | ||
| 245 |
_aChemistry: _cR.D. Madan, B.S. Bisht _bfor Class XI/ |
||
| 260 |
_aNew Delhi _bS Chand School Books _c2013 |
||
| 270 |
_bNew Delhi _aA-27, 2nd Floor, Mohan Co-operative Industrial Estate _e110044 |
||
| 300 |
_a1480p. _c23cm(pbk) |
||
| 942 |
_2ddc _cEN _h540 _mMAD |
||